000 00662nam a22001697a 4500
999 _c61417
_d61417
005 20240311123056.0
008 240311s1990 ru ||||| |||| 00| 0 rus d
020 _a576640011Х
041 _arus
080 _a27-9 Ш-88
100 _aШтейнер, Рудольф
_921375
245 _aМистерии древности и христианство /
_cРудольф Штейнер.
264 _a Москва
_b«Духовное знание»,
_c1990.
300 _a125 с.:
_b20 см.
653 _aანტიკურობისა და ქრისტიანობის საიდუმლოებები
942 _2udc
_cᲬᲘᲒᲜᲘ